000 00576nam a2200229Ia 4500
003 OSt
005 20220928103753.0
006 a|||||r|||| 00| 0
007 ta
008 220927b |||||||| |||| 00| 0 eng d
024 _a28632
037 _cTextual
040 _aSDCL
_cSDCL
_beng
041 _2eng
_aeng
082 _aO1518,1F50,1:g, 152K5
100 _aRehmaan Abdul
_9406956
245 0 _aSandesh sashak.
260 _c1965
300 _a241p
_ccm.
942 _hO1518,1F50,1:g, 152K5
_cTEXL
_2CC
999 _c722485
_d722485